All Turkish Super League Champions - Statistics

General Stats
  • This quiz has been taken 18 times
  • The average score is 57 of 70
Answer Stats
Season Champion % Correct
2025/26 Galatasaray
100%
2024/25 Galatasaray
100%
2023/24 Galatasaray
100%
2022/23 Galatasaray
100%
2018/19 Galatasaray
100%
2017/18 Galatasaray
100%
2020/21 Beşiktaş
94%
2016/17 Beşiktaş
94%
2014/15 Galatasaray
94%
2021/22 Trabzonspor
94%
2019/20 Başakşehir
88%
2015/16 Beşiktaş
88%
2009/10 Bursaspor
88%
2013/14 Fenerbahçe
88%
2010/11 Fenerbahçe
88%
2012/13 Galatasaray
88%
2011/12 Galatasaray
88%
2007/08 Galatasaray
88%
2001/02 Galatasaray
88%
1999/00 Galatasaray
88%
1998/99 Galatasaray
88%
1997/98 Galatasaray
88%
1996/97 Galatasaray
88%
2008/09 Beşiktaş
81%
2002/03 Beşiktaş
81%
2006/07 Fenerbahçe
81%
2004/05 Fenerbahçe
81%
2003/04 Fenerbahçe
81%
2000/01 Fenerbahçe
81%
2005/06 Galatasaray
81%
1993/94 Galatasaray
81%
1992/93 Galatasaray
81%
1987/88 Galatasaray
81%
1994/95 Beşiktaş
75%
1991/92 Beşiktaş
75%
1990/91 Beşiktaş
75%
1989/90 Beşiktaş
75%
1985/86 Beşiktaş
75%
1981/82 Beşiktaş
75%
1966/67 Beşiktaş
75%
1965/66 Beşiktaş
75%
1959/60 Beşiktaş
75%
1957/58 Beşiktaş
75%
1956/57 Beşiktaş
75%
1995/96 Fenerbahçe
75%
1988/89 Fenerbahçe
75%
1984/85 Fenerbahçe
75%
1982/83 Fenerbahçe
75%
1977/78 Fenerbahçe
75%
1974/75 Fenerbahçe
75%
1973/74 Fenerbahçe
75%
1969/70 Fenerbahçe
75%
1967/68 Fenerbahçe
75%
1964/65 Fenerbahçe
75%
1963/64 Fenerbahçe
75%
1960/61 Fenerbahçe
75%
1958/59 Fenerbahçe
75%
1986/87 Galatasaray
75%
1972/73 Galatasaray
75%
1971/72 Galatasaray
75%
1970/71 Galatasaray
75%
1968/69 Galatasaray
75%
1962/63 Galatasaray
75%
1961/62 Galatasaray
75%
1983/84 Trabzonspor
75%
1980/81 Trabzonspor
75%
1979/80 Trabzonspor
75%
1978/79 Trabzonspor
75%
1976/77 Trabzonspor
75%
1975/76 Trabzonspor
75%
No matching quizzes found
Score Distribution
Percent of People with Each Score
Percentile by Number Answered
Your Score History
You have not taken this quiz